Responses for Show #707 - Tuesday, October 6, 1987

Contestants

[<< previous game]

Dr. Bob Loitz, a pediatric cardiologist from Pasadena, California

Gail Upp, an executive assistant originally from Greeley, Colorado

Paul Spangler, a psychologist from Philadelphia, Pennsylvania (whose 1-day cash winnings total $5,900)

[next game >>]

Jeopardy! Round responses

NORTH CAROLINIANS
FICTIONAL ANIMALS
SPORTS
ASTRONOMY
STARTS WITH "A"
(Alex: According to Billboard...)
#1 HITS
    $100 8
Edward R. Murrow

Gail
    $100 9
their mother (dear)

Gail
    $100 18
golf

Gail
    $100 1
the Earth

Bob
    $100 21
the answer

Paul
    $200 14
Dolley Madison

Paul
    $200 10
Eeyore

Paul
    $200 19
Australia

Bob
    $200 3
gravity

Bob
    $200 22
(Alex: We've got a minute to go.)

allegiance

Gail
    $200 27
[NOTE: Alex did not name the other three songs.]

(1 of) "Wake Up Little Susie", "All I Have To Do Is Dream", "Bird Dog" or "Cathy's Clown"

Gail
    $300 15
Ava Gardner

Triple Stumper
    $300 11
(Gail: What were his gloves?)
(Paul: What are his mittens?)

(1 of) his shoes or a new jacket

PaulGail
Triple Stumper
    $300 20
skiing

Gail
    $300 5
a meteor

Paul
    $300 23
angel

Paul
    $300 26
(1 of) "Joy To The World", "Black And White" or "Mama Told Me (Not To Come)"

Triple Stumper
    $400 16
the Underground Railroad

Paul
    $400 12
Cupid

Paul
    $400 2
basketball

Gail
    $400 6
a galaxy

Gail
    $400 24
(Paul: What is the abdominal--[*]?)
[Laughter]

the Abominable Snowman

Paul
    $400 28
(Gail: What is "Garden Party"?)
...
[The end-of-round signal sounds.]

(1 of) "Poor Little Fool" or "Travelin' Man"

Gail
Triple Stumper
    $500 17
(Paul: Who is Billy Sunday?)

Billy Graham

PaulBob
    $500 13
(Gail: What is Lad: A Dog?)

Big Red

Gail
Triple Stumper
    $500 4
(Alex: We're indebted to the New York Yankees for supplying us with that memorable piece of film.)

Lou Gehrig

Bob
    $500 7
a refractor or a reflector (refracting or reflecting)

Bob
    $500 25
Armageddon

Gail

Scores at the first commercial break (after clue 12):

Paul Gail Bob
$600 $700 $1,300

Scores at the end of the Jeopardy! Round:

Paul Gail Bob
$1,500 $1,100 $2,000

Double Jeopardy! Round responses

WORLD GEOGRAPHY
INVENTIONS
THE HEART
NEEDLEWORK
THEATER
6-LETTER WORDS
    $200 2
Asia

Bob
    $200 21
[Alex read the end of the clue as "so he invented this process".]

dry cleaning

Bob
    $200 17
beat

Paul
    $200 1
quilts

Paul
    $200 9
upstaging

Gail
    $400 11
Brazil

Paul
    $400 22
a camera

Gail
    $400 16
the lungs

Bob
    $400 8
5/8"

Gail
    $400 10
Zero Mostel

Paul
    $400 26
a heater

Paul
    $600 12
(Paul: What is Kenya?)

Equatorial Guinea

PaulBob
    $600 23
(Gail: What is nylon?)
...
(Alex: You rang in there too late, Bob.)

polyester

Gail
Triple Stumper
    $600 15
(Dr. Bob) Jarvik

Bob
    $600 5
a purl

Gail
    $600 18
Robert Redford

Gail
    $600 27
[The end-of-round signal sounds.]

commit

Paul
    $800 13
Andorra

Bob
    $4,000 24
(Alex: We've got less than a minute to go, Gail.)

Velcro

Gail
    $800 4
the ventricle

Gail
    $800 6
(Gail: What is an example?)

a sampler

Gail
Triple Stumper
    $800 19
(Aaron) Burr & (Alexander) Hamilton

Paul
    $2,500 14
Malta

Bob
    $1000 25
(Bob: What is a wind tunnel?)
(Gail: What is an air brake?)
(Alex: No, we can't go for more specific on that, I don't think.)

George Westinghouse

GailBob
Triple Stumper
    $1000 3
the atrium

Bob
    $1000 7
a selvage

Gail
    $1000 20
The Fantasticks

Gail

Scores at the end of the Double Jeopardy! Round:

Paul Gail Bob
$3,900 $7,700 $7,300

[wagering suggestions for these scores]

Final Jeopardy! Round responses

MONEY
PaulWhat is $2.05?
$3,400
BobWhat is .06 [something scribbled out]
$3,300
GailWhat is $5.
$7,000
$2.05

Final scores:

Paul Gail Bob
$7,300 $700 $4,000
2-day champion: $13,200 3rd place: Maxxima stereo system + Jeopardy! box game or computerized version 2nd place: Roper grill range & Regal cookware + Jeopardy! box game or computerized version

Game dynamics:

Coryat scores:

Paul Gail Bob
$3,900 $4,500 $5,800
15 R,
3 W
18 R
(including 1 DD),
6 W
14 R
(including 2 DDs),
1 W

Combined Coryat: $14,200

[game clues] [game scores] [suggest correction]

Game tape date: 1987-06-23
The J! Archive is created by fans, for fans. Scraping, republication, monetization, and malicious use prohibited; this site may use cookies and collect identifying information. See terms. The Jeopardy! game show and all elements thereof, including but not limited to copyright and trademark thereto, are the property of Jeopardy Productions, Inc. and are protected under law. This website is not affiliated with, sponsored by, or operated by Jeopardy Productions, Inc. Join the discussion at JBoard.tv.